[Event "MOKATE POL-chW 2019"]
[Site "Warsaw"]
[Date "2019.05.19"]
[Round "9.2"]
[White "Majdan, Joanna"]
[Black "Sliwicka, Alicja"]
[Result "1/2-1/2"]
[WhiteElo "2371"]
[BlackElo "2271"]
[Annotator "RC"]
[PlyCount "125"]
[EventDate "2019.05.11"]
[EventType "tourn"]
[EventCountry "POL"]
[SourceTitle "playchess.com"]
[Source "ChessBase"]
[SourceQuality "1"]
[TimeControl "40/5400+30:1800+30"]

1. e4 {[%emt 0:00:00]} e5 {[%emt 0:00:00]} 2. Nf3 {[%emt 0:00:00]} Nc6 {[%emt 0:00:00]} 3. Bb5 {[%emt 0:00:00]} a6 {[%emt 0:00:00]} 4. Ba4 {[%emt 0:00:00]} Nge7 {[%emt 0:00:00]} 5. O-O {[%emt 0:00:34]} g6 {[%emt 0:00:00]} 6. c3 {[%emt 0:06:50]} Bg7 {[%emt 0:00:11]} 7. d4 {[%emt 0:00:24]} exd4 {[%emt 0:00:06]} 8. cxd4 {[%emt 0:00:04]} b5 {[%emt 0:00:12]} 9. Bb3 {[%emt 0:01:16]} O-O {[%emt 0:00:20]} 10. Nc3 {[%emt 0:02:08]} d6 {[%emt 0:02:00]} 11. h3 {[%emt 0:01:32]} Na5 {[%emt 0:00:47]} 12. Bc2 {[%emt 0:00:11]} c5 {[%emt 0:02:26]} 13. Re1 {[%emt 0:08:01]} Bb7 {[%emt 0:03:20]} 14. d5 {[%emt 0:06:53]} Nc4 {[%emt 0:03:48]} 15. Bd3 {[%emt 0:08:06]} Nb6 {[%emt 0:07:37]} 16. Rb1 {[%emt 0:04:10]} Qd7 {[%emt 0:06:15]} 17. Bg5 {[%emt 0:04:42]} f6 {[%emt 0:09:57]} 18. Bh4 {[%emt 0:01:52]} b4 {[%emt 0:00:13]} 19. Ne2 {[%emt 0:00:20]} h6 {[%emt 0:17:48]} 20. Bg3 {[%emt 0:06:50]} g5 {[%emt 0:09:33]} 21. h4 {[%emt 0:04:32]} Ng6 {[%emt 0:00:44]} 22. h5 {[%emt 0:00:45]} Ne7 {[%emt 0:03:14]} 23. Nd2 {[%emt 0:08:35]} Rae8 {[%emt 0:04:05]} 24. a3 {[%emt 0:02:20]} a5 {[%emt 0:00:28]} 25. Nc4 {[%emt 0:01:41]} Nxc4 {[%emt 0:01:20]} 26. Bxc4 {[%emt 0:00:01]} f5 {[%emt 0:02:36]} 27. f3 {[%emt 0:01:33]} f4 {[%emt 0:02:28]} 28. Bh2 {[%emt 0:01:47]} Nc8 {[%emt 0:01:25]} 29. axb4 {[%emt 0:02:16]} axb4 {[%emt 0:00:29]} 30. g4 {[%emt 0:01:07]} fxg3 {[%emt 0:01:37]} 31. Nxg3 {[%emt 0:00:04]} Qh3 {[%emt 0:01:20]} 32. Qe2 {[%emt 0:05:16]} Bd4+ {[%emt 0:01:58]} 33. Kh1 {[%emt 0:00:03]} g4 {[%emt 0:05:07]} 34. Rf1 {[%emt 0:03:30]} Nb6 {[%emt 0:03:26]} 35. Bb5 {[%emt 0:03:54]} gxf3 {[%emt 0:01:13]} 36. Rxf3 {[%emt 0:01:18]} Rxf3 {[%emt 0:00:36]} 37. Qxf3 {[%emt 0:00:03]} Rf8 {[%emt 0:00:43]} 38. Qg2 Qxg2+ {[%emt 0:00:12]} 39. Kxg2 {[%emt 0:00:23]} Rf2+ {[%emt 0:01:22]} 40. Kh1 {[%emt 0:00:00]} Rxb2 {[%emt 0:00:00]} 41. Rxb2 {[%emt 0:00:54]} Bxb2 {[%emt 0:08:31]} 42. Nf5 {[%emt 0:00:32]} b3 {[%emt 0:08:09]} 43. Nxd6 {[%emt 0:01:36]} Bd4 {[%emt 0:01:29]} 44. Bd3 {[%emt 0:03:55]} c4 {[%emt 0:02:47]} 45. Nxc4 {[%emt 0:05:43]} Ba6 {[%emt 0:02:42]} 46. Nb2 {[%emt 0:00:56]} Bxd3 {[%emt 0:00:44]} 47. Nxd3 {[%emt 0:00:01]} Na4 {[%emt 0:03:29]} 48. Bg1 {[%emt 0:01:48]} Bxg1 {[%emt 0:03:16]} 49. Kxg1 {[%emt 0:00:02]} b2 {[%emt 0:03:17]} 50. Nxb2 {[%emt 0:00:05]} Nxb2 {[%emt 0:00:02]} 51. Kf2 {[%emt 0:02:10]} Nc4 {[%emt 0:00:43]} 52. Ke2 {[%emt 0:00:13]} Kf7 {[%emt 0:01:15]} 53. Kd3 {[%emt 0:00:03]} Ne5+ {[%emt 0:00:11]} 54. Kd4 {[%emt 0:00:03]} Kf6 {[%emt 0:00:10]} 55. Kc5 {[%emt 0:00:34]} Nf7 {[%emt 0:03:14]} 56. Kd4 {[%emt 0:02:32]} Ne5 {[%emt 0:01:38]} 57. Kc5 {[%emt 0:00:03]} Kg5 {[%emt 0:03:18]} 58. Kd6 {[%emt 0:02:02]} Kf4 {[%emt 0:02:27]} 59. Ke6 {[%emt 0:00:34]} Kxe4 {[%emt 0:00:05]} 60. d6 {[%emt 0:00:15]} Kf4 {[%emt 0:01:39]} 61. d7 {[%emt 0:02:16]} Nxd7 {[%emt 0:00:07]} 62. Kxd7 {[%emt 0:00:03]} Kg5 {[%emt 0:00:06]} 63. Ke6 {[%emt 0:00:02]} 1/2-1/2

[Event "MOKATE POL-chW 2019"]
[Site "Warsaw"]
[Date "2019.05.19"]
[Round "9.3"]
[White "Zawadzka, Jolanta"]
[Black "Warakomska, Anna"]
[Result "1-0"]
[WhiteElo "2427"]
[BlackElo "2218"]
[Annotator "TA"]
[PlyCount "83"]
[EventDate "2019.05.11"]
[EventType "tourn"]
[EventCountry "POL"]
[SourceTitle "playchess.com"]
[Source "ChessBase"]
[SourceQuality "1"]

{[%evp 10,83,51,51,64,50,65,47,50,43,44,47,56,39,59,44,60,59,81,79,86,42,88,16,63,63,78,65,71,60,290,289,277,274,300,292,300,300,300,300,347,320,432,332,475,323,591,601,584,489,483,462,628,617,630,577,724,595,980,640,621,629,1948,1872,1330,1349,1343,1315,1285,1275,29985,29986,29986,29987,29986,29985]} 1. e4 c5 2. Nf3 Nf6 3. e5 Nd5 4. Nc3 Nxc3 5. dxc3 Nc6 6. Bf4 Qb6 {B29: Sicilian: 2 Nf3 Nf6 (Nimzowitsch Variation)} (6... e6 7. Qd2 h6 8. h4 a6 9. h5 b5 10. a4 b4 11. Bd3 Bb7 12. Be4 Qc7 13. O-O bxc3 14. bxc3 Ne7 15. Bxb7 Qxb7 {1-0 (77) Carlsen,M (2835)-Popov,I (2592) St Petersburg 2018}) 7. b3 Qc7 8. Bg3 $146 ({Predecessor:} 8. Qd2 e6 9. O-O-O h6 10. Qe3 a6 11. Nd2 b5 12. h4 c4 13. Kb1 Bb7 14. Qg3 {½-½ (31) Motylev,A (2675)-Rakhmanov,A (2654) Sochi 2017}) 8... e6 {White is slightly better.} 9. Qd2 h6 10. h4 a6 11. a4 b6 12. h5 Bb7 13. Be2 O-O-O 14. O-O-O Ne7 15. Bh2 g5 16. Rhe1 (16. hxg6 $1 $16 fxg6 17. Bc4) 16... Nd5 17. c4 $36 {[%mdl 2048] White has the initiative.} Nb4 18. c3 Nc6 19. g4 f5 $2 {[#]} ({Black should try} 19... Be7 $14) 20. exf6 $18 d6 {Black hopes to continue with ...Qf7.} 21. Qc2 Kb8 22. Nd2 e5 23. Bf3 Rd7 24. Bd5 Qd8 25. Ne4 Qe8 26. Kb2 Nd8 (26... Ka7 $142 27. f3 Rc7) 27. Qd3 Bc8 $2 (27... Rc7 28. Ra1 Nc6) 28. a5 bxa5 29. Ra1 Rc7 30. Rxa5 Ne6 31. f3 Rhh7 32. Kc2 Rhf7 33. Rb1 Qd8 34. Bxe6 Bxe6 35. Rxa6 Qc8 36. Rba1 Ra7 37. Rxa7 Rxa7 38. Rxa7 Kxa7 39. Nxd6 Qa6 40. Nb5+ {White mates.} Kb6 41. Qd8+ {[%mdl 64] [#] Double Attack} Kb7 42. Kb2 {Accuracy: White = 54%, Black = 31%.} 1-0

[Event "MOKATE POL-chW 2019"]
[Site "Warsaw"]
[Date "2019.05.19"]
[Round "9.4"]
[White "Rajlich, Iweta"]
[Black "Kulon, Klaudia"]
[Result "1-0"]
[WhiteElo "2378"]
[BlackElo "2357"]
[Annotator "NA RC"]
[PlyCount "91"]
[EventDate "2019.05.11"]
[EventType "tourn"]
[EventCountry "POL"]
[SourceTitle "playchess.com"]
[Source "ChessBase"]
[SourceQuality "1"]
[TimeControl "40/5400+30:1800+30"]

1. d4 {[%emt 0:00:00]} Nf6 {[%emt 0:00:00]} 2. Nf3 {[%emt 0:00:00]} g6 {[%emt 0:00:00]} 3. g3 {[%emt 0:00:00]} Bg7 {[%emt 0:00:00]} 4. Bg2 {[%emt 0:00:00]} O-O {[%emt 0:00:00]} 5. O-O {[%emt 0:00:00]} d6 {[%emt 0:00:00]} 6. Re1 {[%emt 0:00:00]} Na6 {[%emt 0:04:09] A49: 1 d4 Nf6 2 Nf3 g6 3 g3: Anti-King's Indian systems} (6... Nbd7 7. e4 e5 8. Nc3 b6 9. h3 Bb7 10. d5 Qe7 11. Bg5 h6 12. Be3 Rac8 13. Qd2 Kh7 14. Nh2 c6 15. dxc6 Rxc6 16. Ng4 {1-0 (37) Artemiev,V (2736)-Firouzja,A (2657) Astana 2019}) 7. e4 {[%emt 0:02:32]} c5 {[%emt 0:00:33]} 8. e5 $146 {[%emt 0:02:54]} ({Predecessor:} 8. c3 cxd4 9. cxd4 d5 10. e5 Ne4 11. Nfd2 Ng5 12. Re2 f6 13. h4 Nf7 14. exf6 Bxf6 {0-1 (44) Slipak,S (2456)-Pichot,A (2550) Buenos Aires 2016}) 8... dxe5 {[%emt 0:13:16]} 9. dxe5 {[%emt 0:00:05]} Nd7 {[%emt 0:01:13]} 10. Qe2 {[%emt 0:04:39]} Nc7 {[%emt 0:02:30]} 11. Nc3 {[%emt 0:02:07]} Ne6 {[%emt 0:02:37]} 12. Bf4 {[%emt 0:06:10]} Nxf4 {[%emt 0:09:40]} 13. gxf4 {[%emt 0:01:17]} e6 {[%emt 0:00:04]} 14. Rad1 {[%emt 0:03:54]} Qb6 {[%emt 0:09:03]} 15. Nb5 {[%emt 0:03:37]} a6 {[%emt 0:02:20]} 16. Nd6 {[%emt 0:00:10]} Nb8 {[%emt 0:03:18]} 17. Nxc8 {[%emt 0:02:36]} Rxc8 {[%emt 0:00:02]} 18. Ng5 {[%emt 0:03:26]} Nc6 {[%emt 0:02:59]} 19. Bxc6 {[%emt 0:06:13]} Qxc6 {[%emt 0:02:37]} 20. Rd6 {[%emt 0:00:36]} Qa4 {[%emt 0:01:29]} 21. Qe4 {[%emt 0:01:48]} Qxe4 {[%emt 0:02:05]} 22. Nxe4 {[%emt 0:00:21]} Rc7 {[%emt 0:00:26]} 23. Red1 {[%emt 0:04:19]} h6 {[%emt 0:00:05]} 24. h4 {[%emt 0:02:36]} Kh7 {[%emt 0:00:47]} 25. Kg2 {[%emt 0:01:40]} c4 {[%emt 0:08:43]} 26. Rd7 {[%emt 0:02:08]} Rac8 {[%emt 0:00:06]} 27. a4 {[%emt 0:01:32]} Kg8 {[%emt 0:06:04]} 28. Rd8+ {[%emt 0:01:36]} Rxd8 {[%emt 0:00:05]} 29. Rxd8+ {[%emt 0:00:04]} Kh7 {[%emt 0:00:03]} 30. Kf3 {[%emt 0:02:26]} Bh8 {[%emt 0:05:01]} 31. c3 {[%emt 0:03:05]} Bg7 {[%emt 0:00:04]} 32. a5 {[%emt 0:08:17]} g5 {[%emt 0:02:28]} 33. hxg5 {[%emt 0:02:19]} h5 {[%emt 0:00:03]} (33... hxg5 $142 34. Nxg5+ Kg6) 34. Nd6 {[%emt 0:03:58]} Rc5 {[%emt 0:04:06]} 35. Rd7 {[%emt 0:00:56]} Rd5 {[%emt 0:00:38]} 36. Rxf7 {[%emt 0:00:53]} Rd3+ {[%emt 0:00:06]} 37. Kg2 {[%emt 0:00:45]} Kg6 {[%emt 0:00:05]} 38. Re7 {[%emt 0:01:05]} h4 {[%emt 0:00:04]} 39. f3 {[%emt 0:03:19]} Bf8 {[%emt 0:03:49]} 40. Rxe6+ {[%emt 0:00:00]} Kh5 {[%emt 0:00:00]} 41. Ne4 {[%emt 0:01:33]} Bg7 {[%emt 0:01:54]} 42. Re7 {[%emt 0:03:43]} Bf8 {[%emt 0:02:25]} 43. Rh7+ {[%emt 0:00:15]} Kg6 {[%emt 0:00:05]} 44. Rxh4 {[%emt 0:00:34]} Rd1 {[%emt 0:01:38]} 45. Rh8 {[%emt 0:01:43]} Bg7 {[%emt 0:00:33]} 46. Rb8 $18 {[%emt 0:00:18]} 1-0

[Event "MOKATE POL-chW 2019"]
[Site "Warsaw"]
[Date "2019.05.19"]
[Round "9.5"]
[White "Kubicka, Anna"]
[Black "Socko, Monika"]
[Result "0-1"]
[WhiteElo "2142"]
[BlackElo "2445"]
[Annotator "TA"]
[PlyCount "54"]
[EventDate "2019.05.11"]
[EventType "tourn"]
[EventCountry "POL"]
[SourceTitle "playchess.com"]
[Source "ChessBase"]
[SourceQuality "1"]

{[%evp 18,54,-7,-22,-23,-17,-10,-36,-31,-26,-29,-116,-118,-120,-124,-117,-124,-122,-119,-114,-114,-143,-151,-147,-147,-157,-155,-355,-348,-705,-697,-1412,-1064,-29978,-1291,-1269,-1262,-1213,-1186]} 1. d4 Nf6 2. c4 e6 3. Nc3 Bb4 4. Qc2 O-O 5. a3 Bxc3+ 6. Qxc3 d6 7. Bg5 Nbd7 8. e3 b6 9. Nf3 Bb7 10. Nd2 Rc8 {E32: Nimzo-Indian: Classical (4 Qc2): 4...0-0} 11. f3 (11. Bd3 c5 12. O-O h6 13. Bh4 cxd4 14. exd4 d5 15. b3 Qc7 16. Rfe1 Nh5 17. f3 Rfe8 18. Rac1 dxc4 19. bxc4 {½-½ (39) Kasparov,G (2812)-Navara,D (2737) Saint Louis 2017}) 11... c5 12. Bd3 h6 {Black is slightly better.} 13. Bh4 d5 $146 (13... cxd4 {looks sharper.} 14. Qxd4 d5 15. O-O g5 16. Bf2 e5) ({Predecessor:} 13... cxd4 14. Qxd4 d5 {0-1 (44) Hort,W (1539)-Gilles,R (2262) IECG email 2003}) 14. cxd5 (14. a4 $11) 14... cxd4 $17 15. Qxd4 e5 $1 $36 {[%cal Re5d4][%mdl 2048] Black is on the roll.} 16. Bxf6 Nxf6 17. Qxe5 Re8 18. Qd4 Nxd5 19. Be4 Qh4+ $1 20. Kf1 {aiming for Bh7+!} Qe7 {Strongly threatening ...Red8.} 21. Bxd5 Bxd5 22. Re1 $2 (22. Kf2 $17 {was forced.}) 22... Red8 $19 23. Qa4 $2 (23. Qb4 Qxb4 24. axb4) 23... Bc6 24. Qg4 h5 25. Qh3 Bd7 (25... Bb5+ $142 26. Kg1 {[#]} Rc1 $1 {[%mdl 512]} 27. Ne4 Rxe1+ 28. Kf2 Rxh1 29. Qxh5 Rd5 $1 {[%mdl 512]} 30. Qg4 f5 $1 {[%mdl 512]} 31. Qf4 fxe4 32. h4 Rd2+ {[%mdl 64] Double Attack} 33. Kg3 Rg1 $1 {[%mdl 512]} 34. Qb8+ Kh7 $1 {[%mdl 512]} 35. Kg4 Rgxg2+ 36. Qg3 Qf6 $1 {[%mdl 512]} 37. fxe4 Bd7+ 38. Kh5 Qh6#) 26. Qxh5 g6 27. Qd5 Be6 {[%mdl 64] Pin. Accuracy: White = 30%, Black = 80%.} 0-1